000 00881nam a22002777a 4500
001 BR7702912
003 BR-BrBNA
005 20230928085305.0
007 ta
008 230509b bl.||||| |||| 00| 0 por d
040 _aBR-BrBNA
_bpor
_cBiblioteca Nacional de Agricultura
041 _a(Por)
072 _aN10
_b/G514
090 _ N10 BR7702912
100 1 _aPereira, W.M.
110 1 _aCoordenadoria de Assistencia Tecnica Integral, Campinas, SP (Brasil)
245 1 _aA utilizacao do concreto armado na fazenda brasileira. 1. Bebedouro retangular de concreto armado, para animais de grande porte, com capacidade para 250 litros
260 3 _aCampinas, SP (Brasil):
_c1977.
300 _a8 p.
500 _a12 illus.
650 _aEngenharia rural
650 _aInstalacao agricola
650 _aBebedouro
909 _a202309
_bLucia
_c55
_dLucia Elande
942 _cBK
999 _c23692
_d23692